000 00484nam a2200169Ia 4500
999 _c8949
_d8949
003 OSt
005 20201118152935.0
008 190216s9999||||xx |||||||||||||| ||und||
040 _coclc
082 _a657
_bSEE/C
100 _aSeethanarayanan, T
_95536
245 0 _aComputer Gurukulam: Accountant /
_cT Seethanarayanan
260 _bKairali Books,
_aKottayam:
_c2004.
300 _a227p
650 _aComputer
_92459
942 _cBK
_2ddc
_h657
_iSEE/C
_k657
_mSEE/C